<?xml version="1.0" encoding="UTF-8"?>
<record
    xmlns:xsi="http://www.w3.org/2001/XMLSchema-instance"
    xsi:schemaLocation="http://www.loc.gov/MARC21/slim http://www.loc.gov/standards/marcxml/schema/MARC21slim.xsd"
    xmlns="http://www.loc.gov/MARC21/slim">

  <leader>00937nam a22002297a 4500</leader>
  <controlfield tag="005">20150124123318.0</controlfield>
  <controlfield tag="008">120316t        si||||| |||| 00| 0 spa d</controlfield>
  <datafield tag="020" ind1=" " ind2=" ">
    <subfield code="a">9788498013399</subfield>
  </datafield>
  <datafield tag="050" ind1="0" ind2="4">
    <subfield code="a">N6490</subfield>
    <subfield code="b">D46 2008</subfield>
  </datafield>
  <datafield tag="100" ind1="1" ind2=" ">
    <subfield code="a">Dempsey, Amy </subfield>
  </datafield>
  <datafield tag="245" ind1="1" ind2="0">
    <subfield code="a">Estilos, escuelas y movimientos :  </subfield>
    <subfield code="b">Gu&#xED;a enciclop&#xE9;dica del arte moderno</subfield>
    <subfield code="c">/ Amy Demsey ; traducci&#xF3;n Margarita Guti&#xE9;rrez Manuel ; coordinador Cristina Rodr&#xED;guez Fisher </subfield>
  </datafield>
  <datafield tag="250" ind1=" " ind2=" ">
    <subfield code="a">1a ed. </subfield>
  </datafield>
  <datafield tag="260" ind1=" " ind2=" ">
    <subfield code="a">Singapur :</subfield>
    <subfield code="b">Blume,</subfield>
    <subfield code="c">2008</subfield>
  </datafield>
  <datafield tag="300" ind1=" " ind2=" ">
    <subfield code="a">304 p. :</subfield>
    <subfield code="b">il. ; </subfield>
    <subfield code="c">28 cm.</subfield>
  </datafield>
  <datafield tag="500" ind1=" " ind2=" ">
    <subfield code="a">Traducci&#xF3;n de : Styles, Schools and Movements </subfield>
  </datafield>
  <datafield tag="504" ind1=" " ind2=" ">
    <subfield code="a">Incluye glosario e &#xED;ndice</subfield>
  </datafield>
  <datafield tag="650" ind1=" " ind2="7">
    <subfield code="2">LEMB.</subfield>
    <subfield code="a">Arte</subfield>
    <subfield code="b">Pintura </subfield>
    <subfield code="v">Enciclopedias </subfield>
    <subfield code="x">Historia </subfield>
  </datafield>
  <datafield tag="650" ind1=" " ind2="7">
    <subfield code="2">LEMB.</subfield>
    <subfield code="a">Arte moderno-siglo XIX</subfield>
    <subfield code="b">Arte moderno-siglo XX</subfield>
    <subfield code="v">Enciclopedias </subfield>
    <subfield code="x">Arte moderno-siglo XXI</subfield>
  </datafield>
  <datafield tag="700" ind1=" " ind2="1">
    <subfield code="a">Guti&#xE9;rrez Manuel, Margarita., </subfield>
    <subfield code="e">tr.</subfield>
  </datafield>
  <datafield tag="700" ind1=" " ind2="1">
    <subfield code="a">Rodr&#xED;guez Fisher, Cristina., </subfield>
    <subfield code="e">coord.</subfield>
  </datafield>
  <datafield tag="942" ind1=" " ind2=" ">
    <subfield code="2">ddc</subfield>
    <subfield code="c">LIB</subfield>
  </datafield>
  <datafield tag="999" ind1=" " ind2=" ">
    <subfield code="c">29909</subfield>
    <subfield code="d">29909</subfield>
  </datafield>
  <datafield tag="952" ind1=" " ind2=" ">
    <subfield code="1">0</subfield>
    <subfield code="2">lcc</subfield>
    <subfield code="4">0</subfield>
    <subfield code="7">0</subfield>
    <subfield code="a">LIC-037</subfield>
    <subfield code="b">LIC-037</subfield>
    <subfield code="c">GENERAL</subfield>
    <subfield code="d">2012-03-16</subfield>
    <subfield code="o">N6490 D46 2008</subfield>
    <subfield code="p">BBA000001325</subfield>
    <subfield code="r">2015-01-16 00:00:00</subfield>
    <subfield code="t">C : 1</subfield>
    <subfield code="y">LIB</subfield>
  </datafield>
</record>
